Punchlines to Jokes - Statistics

General Stats
  • This quiz has been taken 507 times
    496 since last reset
  • The average score is 5 of 15
Answer Stats
Joke Punchline % Correct
Why did the chicken cross the road? To get to the other side
93%
What's brown and sticky? A stick
60%
What do you call a fish without an eye? A fsh
59%
A dyslexic man walks into a... Bra
55%
Why was six afraid of seven? Seven was a well known six offender
53%
What's orange and sounds like a parrot? A carrot
38%
What did the fish say when he hit a concrete wall? Dam!
22%
Two fish are in a tank. One says to the other... Do you know how to drive this thing?
19%
Dwarfs and midgets have ... in common. Very little
13%
A sandwich walks into a bar. The barman says... We don't serve food here
12%
How does NASA organise its company parties? They planet
11%
Why does Snoop Dogg carry an umbrella? Fo’ drizzle
10%
What do wooden whales eat? Plankton
8%
Two soldiers are in a tank. One says to the other... Blub blub blub blub
6%
Slept like a log last night... Woke up in the fireplace
4%
No matching quizzes found
Score Distribution
Percent of People with Each Score
Percentile by Number Answered
Your Score History
You have not taken this quiz since the last reset